Vista normal Vista MARC

Entrada Geographic Name

Número de registros utilizados en: 1

001 - CONTROL NUMBER

  • control field: 35334

003 - CONTROL NUMBER IDENTIFIER

  • control field: OSt

005 - DATE AND TIME OF LATEST TRANSACTION

  • control field: 20230915231941.0

008 - FIXED-LENGTH DATA ELEMENTS

  • fixed length control field: 230915|| aca||aabn | a|a d

040 ## - CATALOGING SOURCE

  • Original cataloging agency: OSt
  • Transcribing agency: OSt

151 ## - HEADING--GEOGRAPHIC NAME

  • Geographic name: Colombia - Historia - Colonia, 1550 - 1810

670 ## - SOURCE DATA FOUND

  • Source citation: Work cat.: (OSt)21814: Santos Molano, Enrique, 1942 - 682, Antonio Nariño / , 2010









Instituto Departamental de Cultura del Meta - Red Departamental de Bibliotecas Públicas del Meta.